000 00848nam a2200217Ia 4500
003 GCL
008 140319s9999 xx 000 0 ara d
020 _a2571241977
040 _aGCL /
_cGCL
082 0 4 _a811.09
_bص ح
100 1 _aصلاح حسن رشيد
245 1 0 _aحسين مجيب المصرى :
_bتجربة فريدة فى الشعر العربى الحديث 0 دراسة تحليلية نقدية /
_cصلاح حسن رشيد
250 _aالاولى
260 _aالقاهرة :
_bمكتبة الاداب ،
_c2004
300 _a239 ص ؛
_c20 سم
650 0 4 _aالشعراء العرب
650 0 4 _aالشعر العربى - تاريخ ونقد
650 0 4 _aالشعر العربى - دواوين وقصائد
650 0 4 _aالشعر العربى - تاريخ ونقد - العصرالحديث
942 _2ddc
_cBK
999 _c7042
_d7042